A TEXTBOOK OF RESEARCH METHODOLOGIES AND BIOSTATISTICS (Record no. 34449)

MARC details
000 -LEADER
fixed length control field 00320nam a22001337a 4500
003 - CONTROL NUMBER IDENTIFIER
control field SGT
020 ## - INTERNATIONAL STANDARD BOOK NUMBER
International Standard Book Number 9789387593909
082 ## - DEWEY DECIMAL CLASSIFICATION NUMBER
Classification number 570.15
Item number CHO
100 ## - MAIN ENTRY--PERSONAL NAME
Personal name CHOWDARY K.P.R
245 ## - TITLE STATEMENT
Title A TEXTBOOK OF RESEARCH METHODOLOGIES AND BIOSTATISTICS
260 ## - PUBLICATION, DISTRIBUTION, ETC. (IMPRINT)
Place of publication, distribution, etc INDIA
Name of publisher, distributor, etc PHARMA MED.
Year of Publication 2026
300 ## - PAGE DESCRIPTION
No. of Pages 199
942 ## - ADDED ENTRY ELEMENTS (KOHA)
Source of classification or shelving scheme Dewey Decimal Classification
Koha item type Books
Holdings
Withdrawn status Lost status Source of classification or shelving scheme Damaged status Not for loan Collection code Home library Current library Shelving location Date acquired Vendor Name Cost, normal purchase price SGTU Bill Number Total Checkouts Full call number Accession No. (Barcode) Date last seen Bill Date Koha item type
    Dewey Decimal Classification     SCIENCE SGT Science & Social Sciences Library SGT Science & Social Sciences Library Text Book 26/03/2026 ABC 325.00 SGTU 22597   570.15 CHO DP1939 26/03/2026 09/03/2026 Books
    Dewey Decimal Classification     SCIENCE SGT Science & Social Sciences Library SGT Science & Social Sciences Library Text Book 26/03/2026 ABC 325.00 SGTU 22597   570.15 CHO DP1940 26/03/2026 09/03/2026 Books